| 000 | 00356nam a2200133 a 4500 | ||
|---|---|---|---|
| 005 | 20140412111423.0 | ||
| 008 | 080201s19uu xx 00 eng d | ||
| 020 | _a1-58805-242-7 | ||
| 050 |
_aER _bHa22 2001 |
||
| 100 | _aHoward, Frazer | ||
| 245 |
_aLearn to play harmonica. / _cFrazer Howard. |
||
| 260 |
_aChina : _bGrandreams, _c2001. |
||
| 999 |
_c106146 _d106146 |
||